Päť priorít novej Európskej komisie

Priority Európskej komisie. 1. Stabilizácia Európskej komisie. 2. Záchrana "Lisabonskej stratégie". 3. Rozhodnutie o finančných perspektívach na obdobie rokov 2007 - 2013. 4. Zahraničná politika EÚ. 5. Ratifikácia Európskej ústavnej zmluvy.

Na minha lista:
Detalhes bibliográficos
Autor principal: Rusiňák, Peter
Formato: Capítulo de Livro
Idioma:eslovaco
Assuntos:
Tags: Adicionar Tag
Sem tags, seja o primeiro a adicionar uma tag!

MARC

LEADER 00000naa$a2200000$$$4500
001 0036850
005 20240502071453.0
041 0 |a slo 
044 |a SK 
245 1 0 |a Päť priorít novej Európskej komisie  |c Peter Rusiňák 
520 |a Priority Európskej komisie. 1. Stabilizácia Európskej komisie. 2. Záchrana "Lisabonskej stratégie". 3. Rozhodnutie o finančných perspektívach na obdobie rokov 2007 - 2013. 4. Zahraničná politika EÚ. 5. Ratifikácia Európskej ústavnej zmluvy. 
610 2 0 |a stabilita politická 
610 2 0 |a financie medzinárodné 
610 2 0 |a politika zahraničná 
610 2 0 |a ústava 
610 2 0 |a Lisabonská stratégia 
610 2 0 |a 2007-2013 
610 2 0 |a Európska komisia 
100 1 |a Rusiňák, Peter